| Tag |
First Indicator |
Second Indicator |
Subfields |
| LEADER |
00000cam a22000001a 4500 |
| 001 |
in00002999521 |
| 005 |
20190401194819.0 |
| 006 |
m o d |
| 007 |
cr un mmmapmmp |
| 008 |
061130s1897 dcu o f000 0 eng d |
| 035 |
|
|
|a cis2004027996
|
| 040 |
|
|
|a UMI
|c UMI
|d UtOrBLW
|
| 043 |
|
|
|a n-us---
|
| 099 |
|
|
|a ProQuest Serial Set Number 3562 S.doc.117
|
| 110 |
1 |
|
|a United States.
|b Congress.
|b Senate.
|b Committee on Appropriations.
|
| 245 |
1 |
0 |
|a Appropriation for examination of subtreasuries, etc. Letter from the Acting Secretary of the Treasury, transmitting copy of a communication from the Chief of Division of Public Moneys, in relation to the necessity of an additional appropriation for examinations of subtreasuries and depositories, for the fiscal year 1897.
|
| 246 |
1 |
|
|a Deficiency estimate for examination of subtreasuries
|
| 264 |
|
1 |
|a Washington :
|b [publisher not identified],
|c 1897.
|
| 300 |
|
|
|a 1 online resource.
|
| 336 |
|
|
|a text
|b txt
|2 rdacontent
|
| 337 |
|
|
|a computer
|b c
|2 rdamedia
|
| 338 |
|
|
|a online resource
|b cr
|2 rdacarrier
|
| 490 |
0 |
|
|a S.doc.117
|
| 500 |
|
|
|a Record is based on bibliographic data in ProQuest U.S. Serial Set Digital Collection (last viewed Nov. 2006). Reuse except for individual research requires license from ProQuest, LLC.
|
| 510 |
3 |
|
|a ProQuest U.S. Serial Set Digital Collection
|
| 500 |
|
|
|a Electronic resource.
|
| 650 |
|
0 |
|a Banks and banking.
|
| 650 |
|
0 |
|a Budget
|z United States.
|
| 655 |
|
7 |
|a Electronic books.
|2 local
|
| 710 |
2 |
|
|a ProQuest (Firm)
|
| 830 |
|
0 |
|a United States congressional serial set.
|
| 856 |
4 |
0 |
|u http://proxy.library.tamu.edu/login?url=http://congressional.proquest.com/congcomp/getdoc?SERIAL-SET-ID=3562+S.doc.117
|z Connect to the full text of this electronic book
|t 0
|
| 999 |
|
|
|a MARS
|
| 999 |
f |
f |
|s e81de397-cf89-3542-9a78-bbd0b216aa3d
|i fdccf848-5812-3f20-a35f-f3cbeb9bc52a
|t 0
|
| 952 |
f |
f |
|a Texas A&M University
|b College Station
|c Electronic Resources
|d Available Online
|t 0
|e ProQuest Serial Set Number 3562 S.doc.117
|h Other scheme
|
| 998 |
f |
f |
|a ProQuest Serial Set Number 3562 S.doc.117
|t 0
|l Available Online
|